Sports Quiz

Random Sports or WWE Quiz

Titles Won at SummerSlam Quiz Stats

 Plays Quiz not verified by Sporcle

Challenge
Share
Tweet
Embed
Score 0/59 Timer 10:00
0 Plays Today
Year Superstar % Correct
2017Seth Rollins
94%
2017Natalya
91.9%
2004Randy Orton
90.4%
2011Randy Orton
90.4%
2013Randy Orton
90.4%
2001The Rock
90.2%
2017Jey Uso
89.9%
2017Jimmy Uso
89.9%
2016Charlotte
89.3%
2017Dean Ambrose
89.3%
1990Bret Hart
89%
1997Bret Hart
89%
1991Bret Hart
88.9%
2016Finn Bálor
88.1%
2002Brock Lesnar
87.9%
2014Brock Lesnar
87.9%
1999The Undertaker
87.3%
2001The Undertaker
87.3%
2017Neville
87.2%
1998Triple H
87%
2017Sasha Banks
86.6%
2015Kofi Kingston
85.6%
2001Kane
85.5%
1997Stone Cold Steve Austin
84.9%
2015Big E
84.5%
2015Xavier Woods
84.1%
2013Daniel Bryan
83.5%
2015Seth Rollins
82.7%
1988The Ultimate Warrior
82.3%
1989The Ultimate Warrior
82.3%
Year Superstar % Correct
2009CM Punk
81.4%
2001Edge
80.9%
1999Mankind
78.2%
2005Chris Benoit
76.8%
1999Big Show
74.8%
2011Alberto del Rio
73.3%
1992The British Bulldog
70%
2014Dolph Ziggler
70%
2014Paige
69.9%
1990Jim Neidhart
69.2%
1998Billy Gunn
68.8%
1998Road Dogg
67%
1994Razor Ramon
66.6%
2001Rob Van Dam
64.5%
2002Rob Van Dam
64.5%
2001X-Pac
60.7%
1991Hawk
59.6%
1991Animal
59.6%
2008Beth Phoenix
58.1%
1999Jeff Jarrett
51.9%
1999Jeff Jarrett
51.9%
2012Antonio Cesaro
51.2%
2000Chyna
49.3%
1990The Texas Tornado
46.7%
2008Santino Marella
44%
1999Al Snow
42.9%
2010Melina
42.5%
1995Bertha Faye
36%
2000Steve Blackman
34.9%

You're not logged in!

Compare scores with friends on all Sporcle quizzes.
Join for Free
OR
Log In

You Might Also Like...

Show Comments

Extras

Top Quizzes Today


Score Distribution

Your Account Isn't Verified!

In order to create a playlist on Sporcle, you need to verify the email address you used during registration. Go to your Sporcle Settings to finish the process.

Report this User

Report this user for behavior that violates our Community Guidelines.

Details: